Gaming Quiz

Random Gaming Quiz

Fire Emblem Fates Character Quiz Stats

 Plays Quiz not verified by Sporcle

Challenge
Share
Tweet
Embed
Score 0/44 Timer 17:00
0 Plays Today
Hint Answer % Correct
Nohr/Hoshidan NobleCorrin
98.6%
PaladinXander
97.5%
Dark KnightLeo
96.8%
Malig KnightCamilla
96.8%
SniperTakumi
96.8%
TroubadourElise
96.1%
SwordmasterRyoma
96.1%
Shrine MaidenSakura
96.1%
SongstressAzura
96.1%
Sky KnightHinoka
95.3%
NinjaKaze
94.6%
NinjaSaizo
93.5%
SamuraiHana
92.8%
ButlerJakob
92.1%
MaidFelicia
92.1%
KitsuneKaden
91.8%
Great KnightGunter
91.4%
OutlawNiles
91.4%
Dark MageOdin
91.4%
Sky KnightSubaki
90.3%
Spear FighterOboro
90%
Master NinjaKagero
89.6%
Hint Answer % Correct
VillagerMozu
88.9%
WolfskinKeaton
88.5%
MonkAzama
88.5%
MercenarySelena
88.2%
PaladinSilas
87.8%
MercenaryLaslow
87.8%
Oni SavageRinkah
87.5%
ArcherSetsuna
87.5%
KnightEffie
87.1%
Wyvern RiderBeruka
87.1%
SwordmasterHinata
86%
CavalierPeri
86%
DivinerOrochi
84.6%
FighterArthur
84.2%
Kinshi KnightReina
83.9%
Dark MageNyx
79.6%
DivinerHayato
77.8%
AdventurerShura
77.1%
MechanistYukimura
75.6%
Master of ArmsFuga
72%
PeacebringerIzana
65.2%
Sky KnightScarlet
52.7%

You're not logged in!

Compare scores with friends on all Sporcle quizzes.
OR
Log In

You Might Also Like...

Show Comments

Extras

Created Aug 1, 2016ReportNominate
Tags:character, emblem, fate, fire, Fire Emblem

Top Quizzes Today


Score Distribution

Your Account Isn't Verified!

In order to create a playlist on Sporcle, you need to verify the email address you used during registration. Go to your Sporcle Settings to finish the process.

Report this User

Report this user for behavior that violates our Community Guidelines.

Details: